[Event "BCF-chT2 2223 (4NCL)"]
[Site "England"]
[Date "2023.04.29"]
[Round "9.24"]
[White "Hand, Freddie"]
[Black "Stoica, Savas Marin"]
[Result "1-0"]
[WhiteElo "2183"]
[BlackElo "2249"]
[PlyCount "101"]
[EventDate "2022.10.22"]
[EventType "team-tourn"]
[EventRounds "11"]
[EventCountry "ENG"]
[SourceTitle "EXT 2024"]
[Source "ChessBase"]
[SourceDate "2023.10.10"]
[SourceVersion "1"]
[SourceVersionDate "2023.10.10"]
[SourceQuality "1"]
[WhiteTeam "KJCA Kings"]
[BlackTeam "Barnet Knights"]
[WhiteTeamCountry "ENG"]
[BlackTeamCountry "ENG"]

1. d4 Nf6 2. c4 g6 3. f3 d5 4. cxd5 Nxd5 5. e4 Nb6 6. Nc3 Bg7 7. Be3 0-0 8. Qd2 e5 9. d5 c6 10. Rd1 cxd5 11. exd5 N8d7 12. Nh3 e4 13. f4 Nf6 14. Nf2 Bd7 15. Be2 Re8 16. g4 Qc8 17. h3 Nc4 18. Bxc4 Qxc4 19. Qe2 Qb4 20. 0-0 Rac8 21. Rd4 Qa5 22. Rfd1 b5 23. a3 Rxc3 24. bxc3 Qxc3 25. R4d2 a5 26. Ra2 Qb3 27. Qd2 Rd8 28. Qxa5 Rc8 29. Qd2 Rc3 30. Rb2 Qxa3 31. Ra2 Qb3 32. Rb2 Qc4 33. Bd4 Rg3+ 34. Kh2 Rf3 35. Rc2 Qb3 36. Rc3 Rxc3 37. Qxc3 Qxc3 38. Bxc3 e3 39. Bxf6 Bxf6 40. Ne4 Bh4 41. Ng3 Bd8 42. Kg2 Kf8 43. Kf3 Bb6 44. Nf1 h5 45. Nxe3 Bxe3 46. Kxe3 hxg4 47. hxg4 Bxg4 48. Rb1 Bd7 49. Kd4 Ke7 50. Kc5 f6 51. Re1+ 1-0

[Event "Varsity Oxbridge m 141st"]
[Site "London"]
[Date "2023.03.04"]
[Round "1.3"]
[White "Sivakumar, Ashvin"]
[Black "Hand, Freddie"]
[Result "1-0"]
[WhiteElo "2181"]
[BlackElo "2177"]
[PlyCount "81"]
[EventDate "2023.03.04"]
[EventType "team-match"]
[EventRounds "1"]
[EventCountry "ENG"]
[SourceTitle "CBM 213 Extra"]
[Source "ChessBase"]
[SourceDate "2023.05.31"]
[SourceVersion "1"]
[SourceVersionDate "2023.05.31"]
[SourceQuality "1"]
[WhiteTeam "Oxford"]
[BlackTeam "Cambridge"]
[WhiteTeamCountry "ENG"]
[BlackTeamCountry "ENG"]

1. d4 d5 2. c4 dxc4 3. e3 e6 4. Bxc4 Nf6 5. Nf3 a6 6. Qe2 c5 7. dxc5 Bxc5 8. a3 b5 9. Bd3 Nc6 10. b4 Be7 11. Bb2 Qb6 12. Nbd2 Bb7 13. Rc1 Rd8 14. Nb3 Ba8 15. Nc5 0-0 16. Ng5 e5 17. 0-0 h6 18. Nge4 Nxe4 19. Nxe4 Rfe8 20. Bb1 g6 21. Ng3 Bf6 22. Rc5 Nb8 23. Rfc1 Bb7 24. Qg4 Bg7 25. Qe2 Rc8 26. Ne4 Nd7 27. Rxc8 Rxc8 28. Rd1 Qc6 29. f3 Nb6 30. Nd6 Rd8 31. Be4 Qd7 32. Bxb7 Bf8 33. Bxa6 Bxd6 34. Qxb5 Qc7 35. Rc1 Qa7 36. Rd1 Na4 37. Qxa4 Qxe3+ 38. Kf1 e4 39. Qc6 exf3 40. Qxf3 Qb6 41. Bc4 1-0

[Event "BCF-chT 2122 (4NCL)"]
[Site "England"]
[Date "2022.06.26"]
[Round "11.124"]
[White "James, Russell A"]
[Black "Hand, Freddie"]
[Result "0-1"]
[WhiteElo "2156"]
[BlackElo "2175"]
[PlyCount "80"]
[EventDate "2021.11.27"]
[EventType "team-swiss"]
[EventRounds "11"]
[EventCountry "ENG"]
[SourceTitle "EXT 2023"]
[Source "ChessBase"]
[SourceDate "2022.10.05"]
[SourceVersion "1"]
[SourceVersionDate "2022.10.05"]
[SourceQuality "1"]
[WhiteTeam "Warwicks Select"]
[BlackTeam "KJCA Kings"]
[WhiteTeamCountry "ENG"]
[BlackTeamCountry "ENG"]

1. e4 e5 2. Nf3 Nc6 3. Nc3 Nf6 4. Bb5 Bc5 5. 0-0 0-0 6. Nxe5 Nxe5 7. d4 Bd6 8. f4 Neg4 9. Be2 Bb4 10. Bxg4 Bxc3 11. bxc3 Nxe4 12. Bf3 d5 13. Bxe4 dxe4 14. f5 f6 15. c4 Re8 16. Be3 b6 17. Rf4 Qe7 18. c3 Qf7 19. d5 Bb7 20. Qf1 c6 21. Rg4 Kh8 22. d6 Ba6 23. Qf4 Bxc4 24. h4 Be2 25. Rg3 h5 26. Re1 Bg4 27. Rxg4 hxg4 28. Qxg4 Rad8 29. Bf4 e3 30. h5 Rd7 31. h6 gxh6 32. Qh4 h5 33. g4 Rg8 34. g5 fxg5 35. Be5+ Kh7 36. Qe4 Re8 37. Rxe3 Rxd6 38. f6+ Kh6 39. Qf5 Rxe5 40. Qxe5 Qxf6 0-1

[Event "BCF-chT 2122 (4NCL)"]
[Site "England"]
[Date "2022.06.25"]
[Round "10.104"]
[White "Redmond, John P"]
[Black "Hand, Freddie"]
[Result "1/2-1/2"]
[WhiteElo "2210"]
[BlackElo "2175"]
[PlyCount "61"]
[EventDate "2021.11.27"]
[EventType "team-swiss"]
[EventRounds "11"]
[EventCountry "ENG"]
[SourceTitle "EXT 2023"]
[Source "ChessBase"]
[SourceDate "2022.10.05"]
[SourceVersion "1"]
[SourceVersionDate "2022.10.05"]
[SourceQuality "1"]
[WhiteTeam "West is Best"]
[BlackTeam "KJCA Kings"]
[WhiteTeamCountry "ENG"]
[BlackTeamCountry "ENG"]

1. c4 e5 2. Nc3 Nf6 3. Nf3 Nc6 4. e4 Be7 5. d4 exd4 6. Nxd4 d6 7. Nc2 a5 8. Be2 0-0 9. 0-0 Nd7 10. Ne3 Bf6 11. Nb5 Nb6 12. Rb1 Bd7 13. Bd2 Nd4 14. Nxd4 Bxd4 15. Nc2 Bf6 16. b3 Bc6 17. f3 Nd7 18. Be3 b6 19. Nd4 Bxd4 20. Bxd4 Qe7 21. Bd3 Ne5 22. Bc2 f6 23. a4 Rae8 24. Qd2 Nd7 25. Rbe1 Nc5 26. Bc3 Qf7 27. Bd4 Qh5 28. Bd1 Qg6 29. Bc2 Qh5 30. Bd1 Qg6 31. Bc2 1/2-1/2

[Event "BCF-chT 2122 (4NCL)"]
[Site "England"]
[Date "2022.03.27"]
[Round "6.84"]
[White "Baker, Chris W"]
[Black "Hand, Freddie"]
[Result "1-0"]
[WhiteElo "2258"]
[BlackElo "2181"]
[PlyCount "67"]
[EventDate "2021.11.27"]
[EventType "team-swiss"]
[EventRounds "11"]
[EventCountry "ENG"]
[SourceTitle "EXT 2023"]
[Source "ChessBase"]
[SourceDate "2022.10.05"]
[SourceVersion "1"]
[SourceVersionDate "2022.10.05"]
[SourceQuality "1"]
[WhiteTeam "The ADS"]
[BlackTeam "KJCA Kings"]
[WhiteTeamCountry "ENG"]
[BlackTeamCountry "ENG"]

1. e4 e5 2. Bc4 Nf6 3. d3 Nc6 4. Nf3 Be7 5. 0-0 0-0 6. Re1 d6 7. a4 Kh8 8. c3 Ng8 9. d4 f5 10. dxe5 fxe4 11. exd6 Bxd6 12. Ng5 Ne5 13. Bxg8 Kxg8 14. Nxe4 Bf5 15. Bg5 Qd7 16. Nxd6 cxd6 17. Qd4 h6 18. Bh4 Rfe8 19. Nd2 Nd3 20. Rxe8+ Rxe8 21. Bg3 Re2 22. Nf1 Rxb2 23. Ne3 Bg6 24. Rd1 Kh8 25. h4 Qc6 26. Rxd3 Bxd3 27. Qxd3 Qxa4 28. Qxd6 Rb1+ 29. Kh2 Qe8 30. Be5 Rb6 31. Qc7 Rg6 32. f4 Qc6 33. Qd8+ Kh7 34. f5 1-0

[Event "BCF-chT2b 1920 (4NCL)"]
[Site "Daventry"]
[Date "2020.02.08"]
[Round "5.62"]
[White "Hand, Freddie"]
[Black "McKay, Roderick M"]
[Result "1/2-1/2"]
[WhiteElo "2184"]
[BlackElo "2264"]
[PlyCount "91"]
[EventDate "2020.01.11"]
[EventType "team-tourn"]
[EventRounds "11"]
[EventCountry "ENG"]
[SourceTitle "CBM 194 Extra"]
[Source "ChessBase"]
[SourceDate "2020.03.31"]
[SourceVersion "1"]
[SourceVersionDate "2020.03.31"]
[SourceQuality "1"]
[WhiteTeam "KJCA Kings"]
[BlackTeam "Alba"]
[WhiteTeamCountry "ENG"]
[BlackTeamCountry "ENG"]

1. d4 d6 2. e4 Nf6 3. f3 c5 4. dxc5 Qa5+ 5. Nc3 Qxc5 6. Qd3 a6 7. Be3 Qa5 8. Nge2 Nbd7 9. Nd4 Nc5 10. Qd2 e5 11. Nb3 Nxb3 12. cxb3 Be6 13. Bc4 b5 14. Bxe6 fxe6 15. 0-0 Rd8 16. Qf2 Rb8 17. Qg3 Kf7 18. a3 b4 19. axb4 Qxb4 20. Rxa6 Be7 21. f4 exf4 22. Bxf4 Ra8 23. Rxa8 Rxa8 24. e5 dxe5 25. Bxe5 Qxb3 26. Ne4 Qxg3 27. Nxg3 Kg6 28. Bxf6 Bxf6 29. b3 Bd4+ 30. Kh1 Rb8 31. Rb1 Rb4 32. Ne2 Be5 33. g3 Kf5 34. Kg2 Ke4 35. Ng1 Bf6 36. Nf3 e5 37. Re1+ Kd5 38. Rd1+ Ke6 39. Rb1 e4 40. Nd2 Kd5 41. Kf2 Kd4 42. Ke2 Bg5 43. h4 Bxd2 44. Kxd2 e3+ 45. Ke2 Ke4 46. Rf1 1/2-1/2

[Event "BCF-chT2b 1920 (4NCL)"]
[Site "Daventry"]
[Date "2020.01.12"]
[Round "4.61"]
[White "Hand, Freddie"]
[Black "Makkar, Rajat"]
[Result "1/2-1/2"]
[WhiteElo "2184"]
[BlackElo "2121"]
[PlyCount "85"]
[EventDate "2020.01.11"]
[EventType "team-tourn"]
[EventRounds "11"]
[EventCountry "ENG"]
[SourceTitle "CBM 194 Extra"]
[Source "ChessBase"]
[SourceDate "2020.03.31"]
[SourceVersion "1"]
[SourceVersionDate "2020.03.31"]
[SourceQuality "1"]
[WhiteTeam "KJCA Kings"]
[BlackTeam "Grantham Sharks II"]
[WhiteTeamCountry "ENG"]
[BlackTeamCountry "ENG"]

1. d4 d5 2. c4 c6 3. Nf3 Nf6 4. Nc3 e6 5. Bg5 Nbd7 6. e3 Qa5 7. cxd5 Nxd5 8. Qd2 Bb4 9. Rc1 h6 10. Bh4 c5 11. Be2 cxd4 12. Nxd4 Nxc3 13. bxc3 Be7 14. Bxe7 Kxe7 15. Nb5 Qb6 16. c4 a6 17. Nd4 Rd8 18. 0-0 Kf8 19. Qc2 Nc5 20. Rb1 Qc7 21. Qh7 Qe5 22. Rfd1 Bd7 23. Bf3 Ba4 24. Nb3 Rxd1+ 25. Rxd1 Ke7 26. Rb1 Bxb3 27. axb3 a5 28. Qc2 Kf8 29. g3 Kg8 30. b4 axb4 31. Rxb4 Ra1+ 32. Rb1 b6 33. Kg2 Rxb1 34. Qxb1 Qc7 35. Qb5 Kf8 36. Qb4 Ke7 37. Qc3 f6 38. Qc2 Kd8 39. Qh7 Qd7 40. Qg8+ Kc7 41. Qa8 Kd6 42. Qb8+ Qc7 43. Qf8+ 1/2-1/2

[Event "BCF-chT2b 1920 (4NCL)"]
[Site "Daventry"]
[Date "2020.01.11"]
[Round "3.51"]
[White "Zakarian, David"]
[Black "Hand, Freddie"]
[Result "1/2-1/2"]
[WhiteElo "2337"]
[BlackElo "2184"]
[PlyCount "102"]
[EventDate "2020.01.11"]
[EventType "team-tourn"]
[EventRounds "11"]
[EventCountry "ENG"]
[SourceTitle "CBM 194 Extra"]
[Source "ChessBase"]
[SourceDate "2020.03.31"]
[SourceVersion "1"]
[SourceVersionDate "2020.03.31"]
[SourceQuality "1"]
[WhiteTeam "Oxford"]
[BlackTeam "KJCA Kings"]
[WhiteTeamCountry "ENG"]
[BlackTeamCountry "ENG"]

1. e4 e5 2. f4 exf4 3. Bc4 c6 4. Nc3 b5 5. Bb3 b4 6. Nce2 d5 7. exd5 Bd6 8. Nf3 Nf6 9. dxc6 Nxc6 10. d4 0-0 11. 0-0 Ba6 12. Re1 Qc7 13. Bd2 Na5 14. Rc1 Nxb3 15. axb3 Ne4 16. c4 bxc3 17. bxc3 Nxd2 18. Qxd2 Rab8 19. Qc2 Bb7 20. Rf1 Rfe8 21. c4 Be4 22. Qa2 Bd3 23. Rf2 Bxe2 24. Rxe2 Rxe2 25. Qxe2 Rxb3 26. c5 Rb8 27. Qe4 Be7 28. Re1 Bf8 29. Qe5 Qxe5 30. Nxe5 f6 31. Nc6 Ra8 32. Ra1 a6 33. Ra5 Kf7 34. d5 Ke8 35. d6 Kd7 36. Rxa6 Rc8 37. Nb4 Rxc5 38. Nd3 Rc3 39. Nxf4 Bxd6 40. Nh5 Rc1+ 41. Kf2 Bxh2 42. Nxg7 Be5 43. Nh5 Ke7 44. Ra7+ Rc7 45. Rxc7+ Bxc7 46. Ng7 Kf7 47. Nf5 Kg6 48. Ne7+ Kg5 49. Kf3 h5 50. Nd5 Be5 51. Ne3 Bd4 1/2-1/2

[Event "Maidenhead op"]
[Site "Maidenhead"]
[Date "2019.08.26"]
[Round "5"]
[White "Hand, Freddie"]
[Black "Hayward, Philip"]
[Result "1-0"]
[WhiteElo "2142"]
[BlackElo "1991"]
[PlyCount "69"]
[EventDate "2019.08.24"]
[EventType "swiss"]
[EventRounds "6"]
[EventCountry "ENG"]
[SourceTitle "EXT 2020"]
[Source "ChessBase"]
[SourceDate "2019.10.17"]
[SourceVersion "1"]
[SourceVersionDate "2019.10.17"]
[SourceQuality "1"]

1. d4 f5 2. Bg5 g6 3. Nc3 Bg7 4. h4 h6 5. Bf4 Nf6 6. e3 d6 7. Qf3 0-0 8. Bc4+ e6 9. Nge2 Nc6 10. a3 Qe7 11. 0-0-0 Kh7 12. Ba2 e5 13. Bg5 f4 14. Bxf6 Qxf6 15. Nd5 Qd8 16. exf4 exd4 17. h5 g5 18. g4 Kh8 19. f5 a5 20. Qg3 b5 21. f4 b4 22. a4 Ba6 23. Rhe1 Rb8 24. Bb3 d3 25. cxd3 Nd4 26. Nxd4 Bxd4 27. Ne7 Re8 28. Nc6 Qf6 29. Nxb8 Bxb2+ 30. Kb1 Rxb8 31. d4 Bxd4 32. Re6 Qg7 33. Rg6 gxf4 34. Qxf4 Be5 35. Rxh6+ 1-0

[Event "GBR-ch 106th"]
[Site "Torquay"]
[Date "2019.07.31"]
[Round "5"]
[White "Claridge Hansen, William"]
[Black "Hand, Freddie"]
[Result "1-0"]
[WhiteElo "2297"]
[BlackElo "2142"]
[PlyCount "87"]
[EventDate "2019.07.27"]
[EventType "swiss"]
[EventRounds "9"]
[EventCountry "ENG"]
[SourceTitle "CBM 191 Extra"]
[Source "ChessBase"]
[SourceDate "2019.09.30"]
[SourceVersion "1"]
[SourceVersionDate "2019.09.30"]
[SourceQuality "1"]

1. c4 c6 2. g3 d5 3. Nf3 Nf6 4. Bg2 dxc4 5. 0-0 b5 6. a4 Bb7 7. b3 b4 8. bxc4 c5 9. a5 a6 10. d3 e6 11. Nbd2 Be7 12. Nb3 0-0 13. Bb2 Nbd7 14. e4 h6 15. Qe2 Qc7 16. Ne1 Nh7 17. f4 Rfd8 18. e5 g6 19. g4 Bf8 20. f5 Re8 21. f6 Rad8 22. h4 Nb8 23. Bxb7 Qxb7 24. Nf3 Nc6 25. Nfd2 Qd7 26. Rf3 Qc7 27. Qh2 Rd7 28. Ne4 Nd4 29. Bxd4 cxd4 30. Rff1 Red8 31. Qf4 Rc8 32. g5 h5 33. Qg3 Qc6 34. Rfc1 Qb7 35. Ra2 Qc6 36. Kf1 Rdd8 37. Kg1 Rd7 38. c5 Qd5 39. Rc4 Rb7 40. Rac2 Rb5 41. Qf4 Rd8 42. Ned2 Qb7 43. Rxd4 Rc8 44. Rdc4 1-0

[Event "GBR-ch 106th"]
[Site "Torquay"]
[Date "2019.07.28"]
[Round "2"]
[White "Hand, Freddie"]
[Black "Taylor, Adam C"]
[Result "1/2-1/2"]
[WhiteElo "2142"]
[BlackElo "2402"]
[PlyCount "138"]
[EventDate "2019.07.27"]
[EventType "swiss"]
[EventRounds "9"]
[EventCountry "ENG"]
[SourceTitle "CBM 191 Extra"]
[Source "ChessBase"]
[SourceDate "2019.09.30"]
[SourceVersion "1"]
[SourceVersionDate "2019.09.30"]
[SourceQuality "1"]

1. d4 Nf6 2. c4 e6 3. Nc3 Bb4 4. f3 d5 5. a3 Bxc3+ 6. bxc3 c5 7. cxd5 Nxd5 8. dxc5 Qa5 9. e4 Nf6 10. Be3 0-0 11. Qb3 Nfd7 12. Bb5 Na6 13. a4 Naxc5 14. Qa3 a6 15. Be2 f5 16. exf5 exf5 17. Bc4+ Kh8 18. Ne2 Re8 19. Bd4 Ne5 20. Qxc5 Qxc5 21. Bxc5 Nxc4 22. Kf2 b6 23. Bd4 Bd7 24. Nf4 Bc6 25. Rhe1 Kg8 26. Nh5 Rad8 27. Bxg7 Rxe1 28. Rxe1 Be8 29. Rxe8+ Rxe8 30. Nf6+ Kxg7 31. Nxe8+ Kf7 32. Nc7 a5 33. Nd5 Ke6 34. Nf4+ Kd6 35. Nd3 Kd5 36. Ke2 h6 37. h4 Nd6 38. Nb2 f4 39. Nd3 Kc4 40. Nxf4 b5 41. axb5 Nxb5 42. Kd2 Nxc3 43. g4 a4 44. g5 a3 45. g6 a2 46. g7 Nb1+ 47. Kc2 a1Q 48. g8Q+ Kb5 49. Qe8+ Kb6 50. Qb8+ Kc6 51. Qc8+ Kb6 52. Qb8+ Kc6 53. Qc8+ Kb6 54. Nd5+ Kb5 55. Nc7+ Kc6 56. Na6+ Kd6 57. Qd8+ Kc6 58. Qc7+ Kb5 59. Qb7+ Ka5 60. Qxb1 Qa4+ 61. Qb3 Qxh4 62. Nb8 Qf2+ 63. Kc1 Qe1+ 64. Kb2 Qe2+ 65. Ka1 Qe5+ 66. Kb1 Qe1+ 67. Ka2 Qe2+ 68. Ka1 Qe5+ 69. Kb1 Qe1+ 1/2-1/2

[Event "BCF-chT2a 1819 (4NCL)"]
[Site "England"]
[Date "2019.02.09"]
[Round "5.12"]
[White "Hand, Freddie"]
[Black "Mitchell, Martin"]
[Result "0-1"]
[WhiteElo "2154"]
[BlackElo "2206"]
[PlyCount "82"]
[EventDate "2018.11.10"]
[EventType "team-tourn"]
[EventRounds "11"]
[EventCountry "ENG"]
[SourceTitle "EXT 2021"]
[Source "ChessBase"]
[SourceDate "2020.10.23"]
[SourceVersion "1"]
[SourceVersionDate "2020.10.23"]
[SourceQuality "1"]
[WhiteTeam "KJCA Kings"]
[BlackTeam "Spirit of Atticus"]
[WhiteTeamCountry "ENG"]
[BlackTeamCountry "ENG"]

1. d4 Nf6 2. c4 e6 3. Nc3 Bb4 4. e3 0-0 5. Nge2 d5 6. a3 Be7 7. cxd5 exd5 8. Nf4 c6 9. Bd3 a5 10. 0-0 Na6 11. f3 Nc7 12. Bc2 Ne6 13. e4 dxe4 14. Nxe6 Bxe6 15. fxe4 Qb6 16. Qd3 Rfd8 17. e5 Rxd4 18. Be3 Rxd3 19. Bxb6 Rxc3 20. bxc3 Nd5 21. Bf2 Nxc3 22. Kh1 Bc4 23. Rfc1 b5 24. Bf5 Ne2 25. Rd1 Bd5 26. Bg4 Nc3 27. Re1 Ne4 28. Bd4 c5 29. Bg1 Nc3 30. Bf3 Bxf3 31. gxf3 b4 32. axb4 cxb4 33. Rec1 a4 34. Bd4 Ne2 35. Rc4 Nxd4 36. Rxd4 a3 37. Rd3 g5 38. Rb3 Rc8 39. Ra2 Rc1+ 40. Kg2 Re1 41. Kg3 Rg1+ 0-1

[Event "BCF-chT2b 1718 (4NCL)"]
[Site "England"]
[Date "2018.03.17"]
[Round "7.82"]
[White "Hand, Freddie"]
[Black "Spencer, Douglas"]
[Result "1-0"]
[WhiteElo "2140"]
[BlackElo "2003"]
[PlyCount "129"]
[EventDate "2017.11.11"]
[EventType "team-tourn"]
[EventRounds "7"]
[EventCountry "ENG"]
[SourceTitle "EXT 2020"]
[Source "ChessBase"]
[SourceDate "2019.10.17"]
[SourceVersion "1"]
[SourceVersionDate "2019.10.17"]
[SourceQuality "1"]
[WhiteTeam "KJCA Kings"]
[BlackTeam "West is Best II"]
[WhiteTeamCountry "ENG"]
[BlackTeamCountry "WLS"]

1. d4 d5 2. c4 e6 3. Nc3 c6 4. e4 dxe4 5. Nxe4 Bb4+ 6. Bd2 Qxd4 7. Bxb4 Qxe4+ 8. Be2 Na6 9. Ba5 Bd7 10. Nf3 Nf6 11. Qd6 Qf5 12. Ne5 Qxf2+ 13. Kxf2 Ne4+ 14. Kf3 Nxd6 15. Rhd1 Ke7 16. Rd2 Be8 17. Rad1 Nf5 18. Rd8 Rxd8 19. Bxd8+ Kf8 20. g4 Nh6 21. Nd7+ Kg8 22. Ke3 f5 23. h3 Nf7 24. Be7 Nc7 25. gxf5 exf5 26. Nf6+ gxf6 27. Rg1+ Ng5 28. Bxf6 h6 29. h4 Rh7 30. hxg5 hxg5 31. Rxg5+ Kf7 32. Rxf5 Bd7 33. Rf2 Be6 34. Bd4+ Ke8 35. Bxa7 b5 36. Bb6 bxc4 37. Bxc7 Rxc7 38. Kd4 Ra7 39. a3 Ra4 40. Kc3 Kd7 41. Rf4 Kc7 42. Bxc4 Bxc4 43. Rxc4 Ra5 44. Rh4 Rg5 45. Rb4 Rc5+ 46. Kb3 Rh5 47. Ka4 Rg5 48. Rc4 Kb6 49. Kb3 Rg3+ 50. Rc3 Rg5 51. a4 Rh5 52. Kb4 Rh4+ 53. Rc4 c5+ 54. Kb3 Rh3+ 55. Rc3 Rh4 56. Ka3 Rg4 57. Rh3 Rf4 58. Rh6+ Ka5 59. b3 Rf3 60. Rc6 Rf5 61. Kb2 Kb4 62. Rb6+ Ka5 63. Rb5+ Ka6 64. Kc3 Ka7 65. Kc4 1-0

[Event "BCF-chT2b 1718 (4NCL)"]
[Site "England"]
[Date "2018.02.10"]
[Round "5.72"]
[White "Golding, Alex"]
[Black "Hand, Freddie"]
[Result "0-1"]
[WhiteElo "2222"]
[BlackElo "2107"]
[PlyCount "96"]
[EventDate "2017.11.11"]
[EventType "team-tourn"]
[EventRounds "7"]
[EventCountry "ENG"]
[SourceTitle "EXT 2020"]
[Source "ChessBase"]
[SourceDate "2019.10.17"]
[SourceVersion "1"]
[SourceVersionDate "2019.10.17"]
[SourceQuality "1"]
[WhiteTeam "Guildford III"]
[BlackTeam "KJCA Kings"]
[WhiteTeamCountry "ENG"]
[BlackTeamCountry "ENG"]

1. e4 e5 2. Bc4 Nf6 3. Qe2 Nc6 4. Nf3 Be7 5. 0-0 0-0 6. c3 Re8 7. Bb3 Bf8 8. Ng5 Re7 9. f4 exf4 10. Rxf4 d5 11. Qf3 h6 12. Nxf7 Rxf7 13. Bxd5 Nxd5 14. Rxf7 Nf6 15. Rxf6 Qxf6 16. Qxf6 gxf6 17. d4 Kg7 18. Bf4 Bd6 19. Bxd6 cxd6 20. Na3 Bg4 21. Nc4 Rd8 22. Ne3 Bh5 23. Kf2 Bg6 24. Kf3 Re8 25. Nf5+ Bxf5 26. exf5 d5 27. Rd1 b5 28. Rd3 a5 29. g4 b4 30. h4 bxc3 31. bxc3 a4 32. Rd1 Kf7 33. Rb1 Rb8 34. Rxb8 Nxb8 35. Ke3 Nd7 36. h5 Nb6 37. Kd3 Ke7 38. Kc2 Nc4 39. Kd3 Kd6 40. Ke2 Kc6 41. Kd3 Kb5 42. Ke2 Nd6 43. Kd3 a3 44. Kc2 Kc4 45. Kd2 Ne4+ 46. Kc2 Nxc3 47. g5 fxg5 48. f6 Nb5 0-1

[Event "BCF-chT2b 1718 (4NCL)"]
[Site "England"]
[Date "2018.01.14"]
[Round "4.51"]
[White "Walker, David John"]
[Black "Hand, Freddie"]
[Result "1-0"]
[WhiteElo "2284"]
[BlackElo "2183"]
[PlyCount "81"]
[EventDate "2017.11.11"]
[EventType "team-tourn"]
[EventRounds "7"]
[EventCountry "ENG"]
[SourceTitle "EXT 2020"]
[Source "ChessBase"]
[SourceDate "2019.10.17"]
[SourceVersion "1"]
[SourceVersionDate "2019.10.17"]
[SourceQuality "1"]
[WhiteTeam "North East England"]
[BlackTeam "KJCA Kings"]
[WhiteTeamCountry "ENG"]
[BlackTeamCountry "ENG"]

1. c4 c6 2. Nc3 d5 3. d4 Nf6 4. Qb3 dxc4 5. Qxc4 Bf5 6. Nf3 e6 7. g3 h6 8. Bg2 Nbd7 9. 0-0 Be7 10. e3 0-0 11. b3 Rc8 12. Bb2 b5 13. Qe2 Qb6 14. e4 Bh7 15. Rfd1 b4 16. e5 bxc3 17. exf6 c2 18. fxe7 cxd1Q+ 19. Rxd1 Rfe8 20. Ba3 c5 21. Ne5 Qa5 22. Nc4 Qa6 23. dxc5 Nxc5 24. Qe3 Nd3 25. Rxd3 Bxd3 26. Qxd3 Rc7 27. Qe3 Rcxe7 28. Bxe7 Rxe7 29. a4 Rd7 30. Bf3 Qc8 31. Kg2 Qd8 32. Ne5 Rc7 33. b4 Qd6 34. b5 Qb4 35. Qf4 Qxf4 36. gxf4 f6 37. Nc6 Kf8 38. a5 Ke8 39. a6 g5 40. Nxa7 Rxa7 41. Bb7 1-0

[Event "Coventry 4NCL op-A 16th"]
[Site "Coventry"]
[Date "2017.11.04"]
[Round "2"]
[White "Tan, Justin Hy"]
[Black "Hand, Freddie"]
[Result "1-0"]
[WhiteElo "2453"]
[BlackElo "2192"]
[PlyCount "85"]
[EventDate "2017.11.03"]
[EventType "swiss"]
[EventRounds "5"]
[EventCountry "ENG"]
[SourceTitle "CBM 181 Extra"]
[Source "ChessBase"]
[SourceDate "2017.12.12"]
[SourceVersion "1"]
[SourceVersionDate "2017.12.12"]
[SourceQuality "1"]

1. Nf3 d5 2. g3 Nf6 3. Bg2 c6 4. 0-0 Bf5 5. c4 e6 6. cxd5 exd5 7. d3 Be7 8. Nc3 0-0 9. Bf4 Re8 10. Re1 h6 11. e4 Bh7 12. e5 Nfd7 13. d4 Nf8 14. Be3 a5 15. Nd2 Na6 16. a3 Ne6 17. f4 b5 18. Qf3 Qb6 19. Qf2 b4 20. axb4 Nxb4 21. f5 Ng5 22. Rf1 Nc2 23. Nc4 Qb3 24. Nxa5 Qxb2 25. Na4 Qxa1 26. Rxa1 Nxa1 27. Nxc6 Rxa4 28. h4 Ne4 29. Bxe4 dxe4 30. d5 Ra6 31. g4 Bf8 32. Qb2 h5 33. Bd4 hxg4 34. Qb7 Raa8 35. e6 fxe6 36. dxe6 Nc2 37. Be5 Kh8 38. f6 Ra1+ 39. Bxa1 Nxa1 40. Qf7 Bc5+ 41. Kg2 Rg8 42. e7 Bxe7 43. fxe7 1-0

[Event "Margate Thanet op"]
[Site "Margate"]
[Date "2017.08.20"]
[Round "4"]
[White "Hand, Freddie"]
[Black "Spink, Benjamin M"]
[Result "1/2-1/2"]
[WhiteElo "2138"]
[BlackElo "2110"]
[PlyCount "38"]
[EventDate "2017.08.18"]
[EventType "swiss"]
[EventRounds "5"]
[EventCountry "ENG"]
[SourceTitle "EXT 2019"]
[Source "ChessBase"]
[SourceDate "2018.10.10"]
[SourceVersion "1"]
[SourceVersionDate "2018.10.10"]
[SourceQuality "1"]

1. d4 g6 2. c4 Bg7 3. e4 c5 4. d5 d6 5. Nc3 e6 6. Nge2 a6 7. a4 Ne7 8. h4 h6 9. Be3 exd5 10. cxd5 Nd7 11. Ng3 Ne5 12. Be2 h5 13. Bg5 Rb8 14. 0-0 0-0 15. Qd2 Kh7 16. f4 Ng4 17. Bxg4 Bxg4 18. e5 Qd7 19. Rae1 Nf5 1/2-1/2

[Event "Margate Thanet op"]
[Site "Margate"]
[Date "2017.08.18"]
[Round "1"]
[White "McBride, Nick"]
[Black "Hand, Freddie"]
[Result "0-1"]
[WhiteElo "1900"]
[BlackElo "2138"]
[PlyCount "72"]
[EventDate "2017.08.18"]
[EventType "swiss"]
[EventRounds "5"]
[EventCountry "ENG"]
[SourceTitle "EXT 2019"]
[Source "ChessBase"]
[SourceDate "2018.10.10"]
[SourceVersion "1"]
[SourceVersionDate "2018.10.10"]
[SourceQuality "1"]

1. d4 d5 2. c4 c6 3. cxd5 cxd5 4. Nc3 Nf6 5. Bf4 Qb6 6. Rc1 Bd7 7. e3 Qxb2 8. Nge2 Qa3 9. Rb1 b6 10. Qc2 Qa5 11. Bxb8 Rxb8 12. f3 e6 13. Kf2 Bb4 14. Qb3 Bd6 15. g4 0-0 16. g5 Ne8 17. Bh3 Rb7 18. f4 Be7 19. Bg2 Nd6 20. h4 Nc4 21. Qd1 Rc7 22. h5 b5 23. g6 fxg6 24. Nxd5 exd5 25. Bxd5+ Kh8 26. hxg6 h6 27. Qg1 Bf6 28. Qg3 Nd2 29. Rbg1 Be6 30. Rxh6+ gxh6 31. Qh2 Bg7 32. Bxe6 Rc2 33. Qg2 Nc4 34. Rh1 Rxe2+ 35. Kxe2 Qd2+ 36. Kf3 Qxe3+ 0-1

[Event "Wakefield 4NCL op 14th"]
[Site "Wakefield"]
[Date "2017.07.16"]
[Round "5"]
[White "Hand, Freddie"]
[Black "Grieve, Harry"]
[Result "1-0"]
[WhiteElo "2138"]
[BlackElo "2076"]
[PlyCount "125"]
[EventDate "2017.07.14"]
[EventType "swiss"]
[EventRounds "5"]
[EventCountry "ENG"]
[SourceTitle "CBM 179 Extra"]
[Source "ChessBase"]
[SourceDate "2017.08.23"]
[SourceVersion "1"]
[SourceVersionDate "2017.08.23"]
[SourceQuality "1"]

1. d4 Nf6 2. c4 e6 3. Nc3 Bb4 4. e3 0-0 5. Nge2 c6 6. a3 Ba5 7. Qc2 d5 8. Ng3 Nbd7 9. Be2 dxc4 10. Bxc4 e5 11. 0-0 exd4 12. exd4 Bc7 13. Ba2 Nb6 14. Nce2 Nbd5 15. Bg5 Be6 16. Rad1 h6 17. Bd2 Qd6 18. Bb1 Rfe8 19. Rfe1 a5 20. Nc3 Ne7 21. Nce2 Ng6 22. Qc3 Nd5 23. Qf3 Re7 24. Nc3 Nf6 25. Nce4 Nxe4 26. Bxe4 Rae8 27. Qh5 Bb3 28. Rc1 Nf4 29. Qf3 Bd5 30. Nf5 Qf6 31. Nxe7+ Rxe7 32. Bxd5 Rxe1+ 33. Rxe1 Nxd5 34. Qxf6 Nxf6 35. Re7 Nd5 36. Re8+ Kh7 37. Ra8 b6 38. Re8 Kg6 39. Re1 Bd6 40. f3 Kf5 41. Kf2 h5 42. g3 g5 43. Rc1 Ne7 44. Re1 Nd5 45. Re8 g4 46. Rh8 Nf6 47. Rc8 c5 48. dxc5 Bxc5+ 49. Be3 gxf3 50. Bxc5 Ne4+ 51. Kxf3 Nxc5 52. Rh8 Kg5 53. Rb8 Nd7 54. Rb7 Ne5+ 55. Ke4 Nc4 56. Kd4 Nxb2 57. Rxb6 Na4 58. Rb5+ Kg4 59. Kc4 Kh3 60. Kb3 Nb6 61. Rxb6 Kxh2 62. Rh6 Kxg3 63. Rxh5 1-0